00892cam a22002657i 45000010009000000050017000090080041000260100017000670200018000840350024001020420014001260820016001401000014001562450106001702600029002762640056003053000052003613360026004133370028004393380027004675040041004946500030005356500016005656500045005812312132220250417093611.0230509s2024 gw a b 000 0 eng d a 2023938429 a9783110789478 a(OCoLC)on1369386611 alccopycat04a658.577 GRA1 aGray, Ian14aThe Scaling Value Playbook : A Practical Guide For Creating Innovation Networks for Impact and Growth aBostonbDe Gruyterc2024 1aBerlin ;aBoston :bWalter de Gruyter GmbH,c[2024] a241 pages :bcolor illustrations ;c17 x 24 cm. atextbtxt2rdacontent aunmediatedbn2rdamedia avolumebnc2rdacarrier aIncludes bibliographical references. 0aTechnological Innovations 6aInnovations 7aBusiness & Economics ; Entrepreneurship.